Je slovo chotár maďarského pôvodu?

Bibliographic Details
Main Author: Ondruš, Šimon, 1924-2011 (Author)
Format: Article
Language:Slovak
Subjects:

MARC

LEADER 00000nab a2200000 a 4500
001 vtls009182090
003 SK-MaSNL
005 20260304153950.0
008 250507c1973 xo |||||| b ||00 b|slo
015 |a SNBRB2008/02  |2 snkbucl 
035 |a (uuid)95735411-c655-4817-84c7-963bdbf1c5a4 
035 |a urn:nbn:sk:snk-abc31a 
035 |a (urnnbn)urn:nbn:sk:snk:ar-002r9d 
038 |a SNKBUCL 
040 |a SNKBUCL  |b slo  |c SNKBUCL  |e AACR2 
041 0 |a slo 
044 |a xo  |c SK 
080 |a 811.162.4`373  |2 1997 
080 |a 81`37:811.162.4  |2 1997 
080 |a 811.162.4`373.6  |2 1997 
080 |a 81`373.6:811.162.4  |2 1997 
080 |a 811.162.4`37  |2 1997 
080 |a 81`373:811.162.4  |2 1997 
100 1 |a Ondruš, Šimon,  |d 1924-2011  |4 aut  |9 170117 
245 1 0 |a Je slovo chotár maďarského pôvodu?  |c Šimon Ondruš 
504 |a Literatúra 
650 0 7 |a slovenčina  |2 snkbucl  |9 1350 
650 0 7 |a slovná zásoba  |2 snkbucl  |9 66837 
650 0 7 |a etymológia  |2 snkbucl  |9 16982 
773 0 |t Slovenská reč  |g Roč. 38, č. 1 (1973), s. 32-39 
850 |a Slovenská národná knižnica 
852 |a Slovenská národná knižnica 
954 |a odborná, vedecká literatúra pôvodná (slovenská)  |2 lita 
958 |a article15 
958 |a OND 
958 |a NB 
958 |a EUIPO 
999 |c 2955721  |d 2957651